[Event "GER-chT School WK 4"]
[Site "Playchess.com INT"]
[Date "2020.06.16"]
[Round "4.2"]
[White "Hellenbroich, Helene"]
[Black "Guttmann, Mark"]
[Result "1-0"]
[WhiteElo "1640"]
[BlackElo "1466"]
[PlyCount "93"]
[EventDate "2020.06.16"]
[EventType "team-swiss (blitz)"]
[EventRounds "5"]
[EventCountry "GER"]
[SourceTitle "EXT 2021"]
[Source "ChessBase"]
[SourceDate "2020.10.23"]
[SourceVersion "1"]
[SourceVersionDate "2020.10.23"]
[SourceQuality "1"]
[WhiteTeam "Luebeck Katharineum"]
[BlackTeam "St Blasien Kolleg"]
[WhiteTeamCountry "GER"]
[BlackTeamCountry "GER"]

1. e4 e5 2. Nf3 Nc6 3. Nc3 Nf6 4. Bc4 Bb4 5. a3 Ba5 6. d3 0-0 7. Bg5 h6 8. Bh4 d6 9. b4 Bb6 10. Nd5 Bd4 11. Nxd4 Nxd4 12. Nxf6+ gxf6 13. c3 Nc6 14. Qf3 Kh7 15. Bxf6 Qd7 16. Qg3 Rg8 17. Qf3 b6 18. Bb5 a6 19. Bxc6 Qxc6 20. c4 Qd7 21. h3 Qe6 22. g4 Rg6 23. Bh4 f6 24. Qg3 Qe7 25. f4 Rg7 26. f5 h5 27. Qg2 Qf7 28. Bg3 Bd7 29. a4 b5 30. axb5 d5 31. Rb1 dxe4 32. Qxe4 Rgg8 33. gxh5 Qxh5 34. Bf2 Bxf5 35. Qe2 Qxe2+ 36. Kxe2 Rae8 37. bxa6 e4 38. b5 exd3+ 39. Kd2 Rg2 40. Rhf1 Re2+ 41. Kc3 Rc2+ 42. Kb3 Kg6 43. Be3 d2 44. Rfd1 Bd3 45. Bxd2 Rcxd2 46. Rxd2 Rxd2 47. Kc3 1-0